| Tag |
First Indicator |
Second Indicator |
Subfields |
| LEADER |
00000cam a2200000 a 4500 |
| 001 |
in00001168469 |
| 005 |
20181010120347.0 |
| 008 |
940322s1994 nyu 000 f eng d |
| 010 |
|
|
|a 93074732
|
| 035 |
|
|
|a (OCoLC)ocm29999128
|
| 035 |
|
|
|9 AGF5825AM
|
| 040 |
|
|
|a NcG
|b eng
|c DLC
|d FIT
|d OCL
|d BAKER
|d NLGGC
|d BTCTA
|d YDXCP
|d DEBBG
|d RRR
|d OCLCF
|d OCLCQ
|d OCLCO
|d OCLCQ
|d SFR
|d OCLCO
|d OCL
|d PAU
|d YCP
|d OCLCQ
|d TXA
|
| 020 |
|
|
|a 0374235449
|
| 020 |
|
|
|a 9780374235444
|
| 035 |
|
|
|a (OCoLC)29999128
|
| 042 |
|
|
|a lccopycat
|
| 043 |
|
|
|a e-it---
|
| 050 |
0 |
0 |
|a PS3552.R6224
|b P76 1994
|
| 082 |
0 |
0 |
|a 813/.54
|2 20
|
| 084 |
|
|
|a 18.06
|2 bcl
|
| 084 |
|
|
|a HU 3198
|2 rvk
|
| 084 |
|
|
|a HU 9800
|2 rvk
|
| 049 |
|
|
|a TXAM
|
| 100 |
1 |
|
|a Brodkey, Harold,
|e author.
|
| 245 |
1 |
0 |
|a Profane friendship /
|c Harold Brodkey.
|
| 250 |
|
|
|a First edition.
|
| 264 |
|
1 |
|a New York :
|b Farrar, Straus & Giroux,
|c 1994.
|
| 300 |
|
|
|a 387 pages ;
|c 24 cm
|
| 336 |
|
|
|a text
|b txt
|2 rdacontent
|
| 337 |
|
|
|a unmediated
|b n
|2 rdamedia
|
| 338 |
|
|
|a volume
|b nc
|2 rdacarrier
|
| 520 |
|
|
|a A homosexual love affair between an American writer and an Italian actor in Venice. It begins when both are students, is interrupted by World War II, then resumes with full passion, only to turn into jealousy and hate.
|
| 505 |
0 |
|
|a A prologue of a sort -- One -- My mother and the rest of us -- The love of a father and a son: love in a family further considered -- Onni -- The movies in Venice -- Sex with Onni: cosi fan tutte -- Changing room or what a profane friendship is like -- The next phase with Onni in the world -- The monster -- Old in Venice -- Epilogue.
|
| 500 |
|
|
|a The Cushing Library/Women & Gender Studies copy was acquired as part of The Don Kelly Research Collection of Gay Literature and Culture.
|5 TXA
|
| 500 |
|
|
|a The Cushing Library/Women & Gender Studies copy is inscribed by the author.
|5 TXA
|
| 500 |
|
|
|a The Cushing Library/Women & Gender Studies contains a promotional flier from Farrar, Straus & Giroux.
|5 TXA
|
| 650 |
|
0 |
|a Gay men
|v Fiction.
|
| 651 |
|
0 |
|a Venice (Italy)
|v Fiction.
|
| 650 |
|
7 |
|a Gay men.
|2 fast
|0 (OCoLC)fst00939117
|
| 651 |
|
7 |
|a Italy
|z Venice.
|2 fast
|0 (OCoLC)fst01204473
|
| 655 |
|
7 |
|a Romance fiction.
|2 fast
|0 (OCoLC)fst01921732
|
| 655 |
|
7 |
|a Fiction.
|2 fast
|0 (OCoLC)fst01423787
|
| 655 |
|
7 |
|a Love stories.
|2 gsafd
|
| 655 |
|
7 |
|a Romance fiction.
|2 lcgft
|
| 655 |
|
7 |
|a Gay fiction.
|2 lcgft
|
| 655 |
|
7 |
|a Novels.
|2 lcgft
|
| 994 |
|
|
|a C0
|b TXA
|
| 948 |
|
|
|a updated
|b h
|c 2018/10/10
|d c
|e nbehmer
|f 11:58:43 am
|
| 999 |
f |
f |
|s 7bf20eae-bee3-3c2b-9787-ffe90f08c6c8
|i 9bfe68b9-0f8e-3e7b-81c2-4551b9dd30e7
|t 0
|
| 952 |
f |
f |
|p ric
|a Texas A&M University
|b Rellis Campus
|c Joint Library Facility
|s JLF
|d Remote Storage
|t 0
|e PS3552.R6224 P76 1994
|h Library of Congress classification
|i unmediated -- volume
|m A14818158440
|
| 998 |
f |
f |
|a PS3552.R6224 P76 1994
|t 0
|l Remote Storage
|